000 00676nam a2200205Ia 4500
003 IN-BaIIA
008 211028s9999 xx 000 0 eng d
020 _a0-442-25948-4
040 _cIIA Library
080 _a(035)77
_bNEB
100 _aSturge, John M
_99974
245 0 _aNeblette's Handbook of Photography and Reprography
_bmaterials processes and systems
_cJohn M Sturge
250 _a7th ed.
260 _aNew York
_bVan Nostrand Reinhold
_c1977
300 _aix, 641p.
650 _aAstronomy and Astrophysics Thesaurus
650 _aHandbooks-Photography
_99975
650 _aPhotography-Handbooks
_99976
942 _cBK
999 _c5760
_d5760